| 000 | 01414nam a2200325 a 4500 | ||
|---|---|---|---|
| 001 | 000037796 | ||
| 005 | 20201002031120.0 | ||
| 008 | 130306s2002 cl ac 001 0dspa d | ||
| 020 | _a9583002542 | ||
| 040 |
_aDO-SdBNP _bspa _cBNPHU |
||
| 082 |
_a193 _bN677a, 2002 |
||
| 100 | 1 |
_aNietzsche, Friedrich Wilhelm, _d1844-1900 _919283 |
|
| 245 | 1 | 3 |
_aEl anticrsito (El anticristiano) : _bmaldición sobre el cristianismo / _cFriedrich Nietzsche ; introducción y notas Rafael Gutiérrez Girardot ; traducción Martha Kovacsics Mészáros ; ilustración Rafael Dussán Mejía. |
| 246 | 2 | 3 |
_aEl anticristiano : _bmaldición sobre el cristianismo / |
| 250 | _a[1ª ed., 4ª reimpr.] | ||
| 260 |
_aSanta Fé de Bogotá, Colombia : _bPanamericana, _c2002. |
||
| 300 |
_a163 p. : _bil. ; _c22 cm. |
||
| 490 | 1 | _aFilosofía & política | |
| 500 | _aIncluye datos biográficos del autor en la solapa de la cubierta. | ||
| 500 | _aIncluye cronología del autor: p. 153-163. | ||
| 504 | _aIncluye bibliografía y notas al pie de páginas. | ||
| 650 | 4 |
_aCristianismo _xObras polémicas _964245 |
|
| 650 | 4 |
_aFilosofía y religión _945620 |
|
| 700 | 1 |
_aGutiérrez Girardot, Rafael, _eintrod. _964246 |
|
| 700 | 1 |
_aKovacsics Mészáros, Martha, _etr. _964247 |
|
| 700 | 1 |
_aDussán Mejía, Rafael, _eil. _964248 |
|
| 830 | 0 |
_aFilosofía & política _946827 |
|
| 910 | _aValidado. Control de calidad EMS. | ||
| 049 | _aBNPD | ||
| 999 |
_c37286 _d37286 |
||